<?xml version="1.0" encoding="UTF-8"?>
<collection xmlns="http://www.loc.gov/MARC21/slim">
 <record>
  <leader>00583pamaa2200193   4500</leader>
  <controlfield tag="001">0000016676</controlfield>
  <controlfield tag="005">20060619090000.0</controlfield>
  <datafield tag="020" ind1="0" ind2="0">
   <subfield code="a">0712698337 </subfield>
  </datafield>
  <datafield tag="082" ind1=" " ind2=" ">
   <subfield code="a">658.562 QUA</subfield>
  </datafield>
  <datafield tag="090" ind1="0" ind2="0">
   <subfield code="a">HD62.15 </subfield>
   <subfield code="b">QUA 1992</subfield>
  </datafield>
  <datafield tag="245" ind1="0" ind2="0">
   <subfield code="a">QUALITY : </subfield>
   <subfield code="b">change through teamwork  </subfield>
   <subfield code="c">Rani Chaudhry-Lawton ... [et al.].</subfield>
  </datafield>
  <datafield tag="260" ind1="0" ind2="0">
   <subfield code="a">London: </subfield>
   <subfield code="b">Century Business, </subfield>
   <subfield code="c">1992.</subfield>
  </datafield>
  <datafield tag="300" ind1=" " ind2=" ">
   <subfield code="a">ix, 318p.: </subfield>
   <subfield code="b">24cm.</subfield>
  </datafield>
  <datafield tag="440" ind1="0" ind2="0">
   <subfield code="a">The Sunday Times business skills series</subfield>
  </datafield>
  <datafield tag="650" ind1="0" ind2="0">
   <subfield code="a">Total quality management </subfield>
  </datafield>
  <datafield tag="700" ind1="1" ind2="1">
   <subfield code="a">Rani Chaudhry-Lawton </subfield>
  </datafield>
  <datafield tag="700" ind1="1" ind2="1">
   <subfield code="a">Lawton, </subfield>
   <subfield code="h">Richard </subfield>
  </datafield>
  <datafield tag="700" ind1="1" ind2="1">
   <subfield code="a">Murphy, </subfield>
   <subfield code="h">Karen </subfield>
  </datafield>
  <datafield tag="700" ind1="1" ind2="1">
   <subfield code="a">Terry, </subfield>
   <subfield code="h">Angela </subfield>
  </datafield>
 </record>
</collection>
